| 000 | 00406nam a2200181Ia 4500 | ||
|---|---|---|---|
| 001 | 4398 | ||
| 005 | 20260306145753.0 | ||
| 008 | 260306t2000||||xx |||||||||||||| ||spa|| | ||
| 041 | _aESP | ||
| 082 |
_a321.07 _bM86 2000 |
||
| 100 |
_aMoro, Tomás, Santo _eAUT |
||
| 245 | 0 | _aUtopía | |
| 260 | _c2000 | ||
| 300 |
_a85 páginas : _c22 cm. |
||
| 650 | _aGEN | ||
| 654 | _aCHU | ||
| 942 |
_cLIB _dJUS _fJUS _2ddc _n |
||
| 999 |
_c4398 _d4398 |
||